Перейти до змісту

Организация санаторно-курортной деятельности учебное пособие

В учебном пособии в соответствии с учебным планом профиля «Санаторно-курортная деятельность» направления подготовки 101100 «Гостиничное дело» представлены основные материалы, связанные с управлением организациями санаторно-курортного комплекса. Для студентов в...

Повний опис

Збережено в:
Бібліографічні деталі
Автор: Ветитнев А. М.
Інші автори: Войнова Я. А.
Формат: Книга
Мова:Russian
Опубліковано: Москва Финансовый университет 2014
Онлайн доступ:https://e.lanbook.com/book/152015
https://e.lanbook.com/img/cover/book/152015.jpg
Теги: Додати тег
Немає тегів, Будьте першим, хто поставить тег для цього запису!
LEADER 02765nam0a2200289 i 4500
001 152015
003 RuSpLAN
005 20221220174103.0
008 221220s2014 ru gs 000 0 rus
020 |a 978-5-4365-0140-6 
040 |a RuSpLAN 
041 0 |a rus 
044 |a ru 
080 |a 614.2:615.838/.003.1 
084 |a 51.1(2)2  |2 rubbk 
245 0 0 |a Организация санаторно-курортной деятельности  |b учебное пособие  |c Ветитнев А. М.,Войнова Я. А. 
260 |a Москва  |b Финансовый университет  |c 2014 
300 |a 272 с. 
500 |a Рекомендовано Федеральным агентством по туризму в качестве учебного пособия для обучения студентов вузов по направлению подготовки «Гостиничное дело». Рекомендовано УМО учебных заведений Российской Федерации по образованию в области сервиса и туризма в качестве учебного пособия для обучения студентов высших учебных заведений по направлению подготовки «Гостиничное дело» 
504 |a Библиогр.: доступна в карточке книги, на сайте ЭБС Лань 
520 8 |a В учебном пособии в соответствии с учебным планом профиля «Санаторно-курортная деятельность» направления подготовки 101100 «Гостиничное дело» представлены основные материалы, связанные с управлением организациями санаторно-курортного комплекса. Для студентов вузов, обучающихся по направлению подготовки «Гостиничное дело», а также другим туристским специальностям, руководителей организаций санаторно-курортного комплекса, специалистов в области курортного дела, маркетологов. 
521 8 |a Книга из коллекции Финансовый университет - Сервис и туризм 
100 1 |a Ветитнев А. М. 
700 1 |a Войнова Я. А. 
856 4 |u https://e.lanbook.com/book/152015 
856 4 8 |u https://e.lanbook.com/img/cover/book/152015.jpg 
953 |a https://e.lanbook.com/img/cover/book/152015.jpg